Tribhuvan University Central Library

Kulu Nepali ringbau (Record no. 92869)

MARC details
000 -LEADER
fixed length control field 00521nam a22001817a 4500
008 - FIXED-LENGTH DATA ELEMENTS--GENERAL INFORMATION
fixed length control field 200207b xxu||||| |||| 00| 0 eng d
020 ## - INTERNATIONAL STANDARD BOOK NUMBER
International Standard Book Number 9789994634996
082 ## - DEWEY DECIMAL CLASSIFICATION NUMBER
Classification number N495.49391495
Item number T535k
100 ## - MAIN ENTRY--PERSONAL NAME
Personal name Thomros, Bhupdhwoj
245 ## - TITLE STATEMENT
Title Kulu Nepali ringbau
260 ## - PUBLICATION, DISTRIBUTION, ETC.
Place of publication, distribution, etc. Kathmandu:
Name of publisher, distributor, etc. Kirat Kulung Rai Bhasa Saskriti Utthan Sangh,
Date of publication, distribution, etc. 2062.
300 ## - PHYSICAL DESCRIPTION
Extent 203p.
650 ## - SUBJECT ADDED ENTRY--TOPICAL TERM
Topical term or geographic name entry element Language
650 ## - SUBJECT ADDED ENTRY--TOPICAL TERM
Topical term or geographic name entry element Kulung dictionary
650 ## - SUBJECT ADDED ENTRY--TOPICAL TERM
Topical term or geographic name entry element Nepali dictionary
9 (RLIN) 158
653 ## - INDEX TERM--UNCONTROLLED
Uncontrolled term Kulung Rai language dictionary
942 ## - ADDED ENTRY ELEMENTS (KOHA)
Source of classification or shelving scheme Dewey Decimal Classification
Koha item type ISBN
Holdings
Withdrawn status Lost status Source of classification or shelving scheme Damaged status Not for loan Home library Current library Date acquired Total Checkouts Full call number Barcode Date last seen Price effective from Koha item type
    Dewey Decimal Classification     Tribhuvan University Central Library Tribhuvan University Central Library 02/07/2020   N495.49 T535k IS3771 02/07/2020 02/07/2020 ISBN